000
00287nam a2200109Ia 4500
008
190912s9999||||xx |||||||||||||| ||und||
100
_a
Donald W.Kemper
245
0
_a
Kaiser Permanente Health Wise Handbook
260
_a
California
_b
Kaiser Permanente
_c
2016
300
_a
376
942
_c
BK
999
_c
7406
_d
7406